Histoire de France par lettre - U - Statistiques

Statistiques générales
  • Ce quiz a été pris 137 fois
  • Le résultat moyen est 9 sur 20
Statistiques - réponses
Indices Réponses % Correct
Emmanuel Macron envisage en 2024 l'envoi de troupes dans ce pays d'Europe de l'Est comme soutien militaire face à la Russie Ukraine
94%
Organisation internationale regroupant 27 pays dont la France depuis ses débuts Union européenne
89%
Pape français initiant les croisades en 1095 au concile de Clermont Urbain II
75%
Etat communiste, allié de la France contre l'Allemagne nazie durant la Seconde Guerre mondiale URSS
71%
Bédéiste français, papa de Astérix et Obélix avec René Goscinny Albert Uderzo
69%
Parti politique de Jacques Chirac et Nicolas Sarkozy, renommé Les Républicains par ce dernier UMP
63%
Footballeur né au Cameroun, champion du monde avec l'équipe de France en 2018 Samuel Umtiti
57%
Bataille décisive remportée en Allemagne par Napoléon sur les Autrichiens Ulm
56%
Dernière menace diplomatique avant un conflit armé, la France en connaît à l'aube de la Première Guerre mondiale ou de la guerre franco-prussienne Ultimatum
56%
Organisation d'arts martiaux s'étendant à la France auprès de combattants comme Ciryl Gane et Benoît Saint-Denis UFC
48%
Acteur français décédé dans un accident de ski, il interprète le duc de Guise dans La Princesse de Montpensier en 2010 Gaspard Ulliel
43%
Ville du Gard, considérée "premier duché de France" et longtemps marquée par les guerres de Religion Uzès
38%
Sous-marins allemands ayant durement marqué la France durant la Seconde Guerre mondiale U-boot
34%
Sous l'Ancien Régime, prêt à intérêts, interdit en principe par le droit canonique Usure
33%
Administration chargée de l'éducation, organisée par Napoléon en 1808 Université
32%
Consensus politique unissant tous les partis français à l'entrée en guerre en 1914 Union sacrée
31%
Ecrivain du XVIe siècle, auteur de L'Astrée, premier roman-fleuve de la littérature française Honoré d'Urfé
14%
Fleuve dont la vallée abrite de nombreuses stations de ski, autour de Barcelonnette Ubaye
9%
Ville thermale abritant l'Ecole des cadres de la jeunesse, créée sous Vichy en 1940 Uriage-les-Bains
9%
Groupe parlementaire en place sous la IIIe République de 1886 à 1893 Union des gauches
5%
Aucun quiz correspondant
Distribution des résultats
% des personnes avec chaque résultat
Percentile par nombre de réponses
Votre historique - résultats
Vous n’avez pas pris ce quiz